Countries by Postage Stamps - Statistics

General Stats
  • This quiz has been taken 36 times
  • The average score is 21 of 24
Answer Stats
Picture Answer % Correct
North Korea
100%
Russia
100%
Brazil
97%
Canada
97%
Greece
97%
South Korea
97%
Australia
94%
China
94%
Iraq
94%
South Africa
94%
United Kingdom
94%
France
91%
Cambodia
88%
Ireland
88%
Italy
88%
Mexico
88%
Poland
88%
Cuba
85%
Turkey
85%
Jamaica
82%
Nigeria
65%
Singapore
59%
Ethiopia
56%
Libya
50%
No matching quizzes found
Score Distribution
Percent of People with Each Score
Percentile by Number Answered
Your Score History
You have not taken this quiz